<?xml version="1.0" encoding="UTF-8"?>
<record
    xmlns:xsi="http://www.w3.org/2001/XMLSchema-instance"
    xsi:schemaLocation="http://www.loc.gov/MARC21/slim http://www.loc.gov/standards/marcxml/schema/MARC21slim.xsd"
    xmlns="http://www.loc.gov/MARC21/slim">

  <leader>01327nam a22002657a 4500</leader>
  <controlfield tag="005">20100519102233.0</controlfield>
  <controlfield tag="008">100519t        xxu||||| |||| 00| 0 hin d</controlfield>
  <datafield tag="010" ind1=" " ind2=" ">
    <subfield code="a">HIN-89335</subfield>
  </datafield>
  <datafield tag="020" ind1=" " ind2=" ">
    <subfield code="c">170.00</subfield>
  </datafield>
  <datafield tag="035" ind1=" " ind2=" ">
    <subfield code="a">HN-61681</subfield>
  </datafield>
  <datafield tag="037" ind1=" " ind2=" ">
    <subfield code="b">DBAD / VEN</subfield>
  </datafield>
  <datafield tag="040" ind1=" " ind2=" ">
    <subfield code="a">DPL</subfield>
    <subfield code="b">HN</subfield>
  </datafield>
  <datafield tag="082" ind1=" " ind2=" ">
    <subfield code="a">000</subfield>
  </datafield>
  <datafield tag="245" ind1=" " ind2=" ">
    <subfield code="a">&#x915;&#x930;&#x94D;&#x92E;&#x91A;&#x93E;&#x930;&#x940; &#x91A;&#x92F;&#x928; &#x906;&#x92F;&#x94B;&#x917;&#x903;&#x938;&#x902;&#x92F;&#x941;&#x915;&#x94D;&#x924; &#x938;&#x94D;&#x928;&#x93E;&#x924;&#x915; &#x938;&#x94D;&#x924;&#x930;&#x940;&#x92F;&#x903;</subfield>
    <subfield code="b">(&#x91A;&#x930;&#x923;-1) &#x92A;&#x930;&#x940;&#x915;&#x94D;&#x937;&#x93E; </subfield>
  </datafield>
  <datafield tag="246" ind1=" " ind2=" ">
    <subfield code="a">karamcharee chayan Aayog: Sanyukt Snatak Starya: (Charan-1)Pariksha</subfield>
  </datafield>
  <datafield tag="260" ind1=" " ind2=" ">
    <subfield code="a">&#x928;&#x94B;&#x90F;&#x921;&#x93E;</subfield>
    <subfield code="b">&#x915;&#x94D;&#x930;&#x949;&#x928;&#x93F;&#x915;&#x932; &#x92C;&#x941;&#x915;&#x94D;&#x938;</subfield>
    <subfield code="c">2010</subfield>
  </datafield>
  <datafield tag="270" ind1=" " ind2=" ">
    <subfield code="a">&#x90F;-26, &#x938;&#x947;&#x915;&#x94D;&#x91F;&#x930;-2</subfield>
    <subfield code="b">&#x928;&#x94B;&#x90F;&#x921;&#x93E;</subfield>
    <subfield code="e">201301</subfield>
  </datafield>
  <datafield tag="300" ind1=" " ind2=" ">
    <subfield code="a">&#x935;&#x93F;.&#x92A;&#x943;</subfield>
    <subfield code="c">24&#x938;&#x947;&#x92E;&#x940; (&#x905;&#x91C;&#x93F;&#x932;&#x94D;&#x926;)</subfield>
  </datafield>
  <datafield tag="500" ind1=" " ind2=" ">
    <subfield code="a">&#x939;&#x932; &#x92A;&#x94D;&#x930;&#x936;&#x94D;&#x928;-&#x92A;&#x924;&#x94D;&#x930; &#x938;&#x939; &#x92A;&#x94D;&#x930;&#x948;&#x915;&#x94D;&#x91F;&#x93F;&#x938; &#x935;&#x930;&#x94D;&#x915; &#x92C;&#x941;&#x915;</subfield>
  </datafield>
  <datafield tag="650" ind1=" " ind2=" ">
    <subfield code="a">&#x938;&#x93E;&#x92E;&#x93E;&#x928;&#x94D;&#x92F; &#x91C;&#x94D;&#x91E;&#x93E;&#x928;</subfield>
    <subfield code="9">19012</subfield>
  </datafield>
  <datafield tag="650" ind1=" " ind2=" ">
    <subfield code="a">General knowlege</subfield>
    <subfield code="9">19013</subfield>
  </datafield>
  <datafield tag="942" ind1=" " ind2=" ">
    <subfield code="2">ddc</subfield>
    <subfield code="c">HN</subfield>
    <subfield code="m">&#x915;&#x930;&#x94D;&#x92E;&#x91A;&#x93E;</subfield>
    <subfield code="h">000</subfield>
  </datafield>
  <datafield tag="999" ind1=" " ind2=" ">
    <subfield code="c">36202</subfield>
    <subfield code="d">36202</subfield>
  </datafield>
  <datafield tag="952" ind1=" " ind2=" ">
    <subfield code="0">0</subfield>
    <subfield code="1">0</subfield>
    <subfield code="2">ddc</subfield>
    <subfield code="4">0</subfield>
    <subfield code="7">1</subfield>
    <subfield code="8">NFIC</subfield>
    <subfield code="a">DBAD</subfield>
    <subfield code="b">DBAD</subfield>
    <subfield code="d">2010-05-19</subfield>
    <subfield code="e">DBAD / VEN</subfield>
    <subfield code="g">170.00</subfield>
    <subfield code="l">0</subfield>
    <subfield code="o">000 &#x915;&#x930;&#x94D;&#x92E;&#x91A;&#x93E;</subfield>
    <subfield code="p">HN-61681</subfield>
    <subfield code="r">2010-05-19 00:00:00</subfield>
    <subfield code="t">1</subfield>
    <subfield code="v">170.00</subfield>
    <subfield code="w">2010-05-19</subfield>
    <subfield code="y">HN</subfield>
  </datafield>
</record>
